000 00488cam a22001457a 4500
008 180718b2013 xxu||||| |||| 00| 0 eng d
020 _a9781137004055
082 _aT421 Sch58
100 _aSchneiderman, David
245 _aResisting economic globalization : critical theory and International law
_cby David Schneiderman
260 _aNew York
_bPalgrave
_c2013
300 _a218p.
650 _aGlobalization -- Economic aspects
650 _aInternational finance -- Law and legislation
999 _c444089
_d444089